01039 2200337 4500001002100000005001500021035002000036007000300056008004100059020002200100082001500122084001700137100003800154245011000192250001900302300003100321650001500352700003300367700002200400700003400422504003100456264004000487336002100527337003000548338002300578040002200601090002200623850001200645999002200657990002200679INLIS00000000088656320240515012310 a0010-0524000394ta240515s2022 yoi g | ind d a978-623-376-765-604223a347.01 a347.01 ARI p0 aAris Prio Agus SantosoePengarang10aPengantar praktik peradilan semu /cAris Prio Agus Santoso, Yusron Trisno AJi, Aryono, Angga Eko Prasetyo aCetakan : 2022 aviii, 152 halaman ;c23 cm 4aPengadilan0 aYusron Trisno AJiePengarang0 aAryonoePengarang0 aAngga Eko PrasetyoePengarang aBibliografi: halaman 73-7531aBantul :bPustaka Baru Press,c2022 2rdacontentateks 2rdamediaatanpa perantara 2rdacarrieravolume aYOPDYOGbinderda aCB-D.11 2022-4865 aYOPDYOG aCB-D.11/2022-4865 aCB-D.11/2022-4865